Slovensko-Ukrajinská spolupráca

Stručný opis vzájomných vzťahov (politických alebo ekonomických) medzi Slovenskou republikou a Ukrajinou. Možné oblasti spolupráce, ktoré by mohli priblížiť sociálne podmienky na Ukrajine k sociálnym podmienkam v rámci EÚ. Národné záujmy Slovenskej republiky a Ukrajiny.

Saved in:
Bibliographic Details
Main Author: Pacek, Peter
Format: Book Chapter
Language:Slovak
Subjects:
Tags: Add Tag
No Tags, Be the first to tag this record!

MARC

LEADER 00000naa$a2200000$$$4500
001 0055336
005 20240502083138.0
041 0 |a slo 
044 |a CZ 
245 1 0 |a Slovensko-Ukrajinská spolupráca  |c Peter Pacek 
520 |a Stručný opis vzájomných vzťahov (politických alebo ekonomických) medzi Slovenskou republikou a Ukrajinou. Možné oblasti spolupráce, ktoré by mohli priblížiť sociálne podmienky na Ukrajine k sociálnym podmienkam v rámci EÚ. Národné záujmy Slovenskej republiky a Ukrajiny. 
610 2 0 |a Slovensko 
610 2 0 |a Ukrajina 
610 2 0 |a záujmy verejné 
610 2 0 |a podmienky sociálne 
610 2 0 |a spolupráca cezhraničná 
610 2 0 |a vzťahy medzinárodné 
100 1 |a Pacek, Peter